Cơ sở vật lý T.5 : Điện học II /

Từ trường, định luật Ampere, định luật cảm ứng của Faraday, độ tự cảm, hiệu ứng từ và vật liệu từ, dao động điện từ, dòng điện xoay chiều, các phương trình Maxwell, sóng điện từ.

Shranjeno v:
Bibliografske podrobnosti
Glavni avtor: Halliday, David.
Drugi avtorji: Resnick, Robert., Walker, Jearl., Đàm Trung Đồn (dịch.), Lê Khắc Bình (dịch.), Đào Kim Ngọc (dịch.)
Format: Knjiga
Jezik:Vietnamese
Izdano: Hà Nội : Giáo dục, 1999.
Teme:
Oznake: Označite
Brez oznak, prvi označite!
Thư viện lưu trữ: Mạng thư viện Đại học Đà Nẵng
LEADER 01429cam a2200421 i 4500
001 000046742
003 6250
005 20030916105042.0
008 010306b1999 vm 000 vie
020 |c 29200 
022 |a T 
040 |a IRC  |c IRC  |d IRC 
041 1 |a vie 
082 1 4 |a 537.1  |b HA-D 
100 1 |a Halliday, David. 
245 0 0 |a Cơ sở vật lý  |n T.5 :  |p Điện học II /  |c David Halliday, Robert Resnick, Jearl Walker ; Chủ biên: Hoàng Hữu Thư ; Đàm Trung Đồn, Lê Khắc Bình, Đào Kim Ngọc dịch. 
260 |a Hà Nội :  |b Giáo dục,  |c 1999. 
300 |a 332tr. ;  |c 27cm. 
520 3 |a Từ trường, định luật Ampere, định luật cảm ứng của Faraday, độ tự cảm, hiệu ứng từ và vật liệu từ, dao động điện từ, dòng điện xoay chiều, các phương trình Maxwell, sóng điện từ. 
630 0 4 |a Vật lý. 
630 0 4 |a Điện học. 
650 0 4 |a Điện học. 
650 0 4 |a Vật lý học. 
700 1 |a Resnick, Robert. 
700 1 |a Walker, Jearl. 
700 1 |a Đàm Trung Đồn,  |e dịch. 
700 1 |a Lê Khắc Bình,  |e dịch. 
700 1 |a Đào Kim Ngọc,  |e dịch. 
OWN |a DUT 
999 |a From the UDN01 
TYP |a Monograph 
TYP |a Printed language 
980 |a Mạng thư viện Đại học Đà Nẵng